000 00914cab a2200265 4500
001 ABS54040
008 090401t1995 xxu||||| |||| 00| 0 eng d
035 _a(Sirsi) u8046
041 _aeng
100 _aIreland, P.
245 _aBuilding on safe foundations: Landmark reports on contaminated land
260 _c1995
350 _a0
490 _aMapping Awareness
_v9(9) November 1995, 32-34(3)
520 _aExamines the benefit of using IT, GIS in particular, to supply environmental data on land. Looks at how the information is gathered, from what sources, who the information will help and how Landmark will deliver it.
650 _aCONTAMINATED LAND
650 _aENVIRONMENTAL DATA
650 _aGIS
650 _aLANDMARK
690 _aMANAGEMENT-BUSINESS MANAGEMENT-INFORMATION MANAGEMENT
690 _aLAND
690 _aMAPPING AND MEASUREMENT
942 _n0
948 _c04/03/1997
999 _c4902
_d4902